1054 1479 1767 1620 1883 1998 1409 1932 1773 1497 1825 1146 1158 1254 1890 1611 1775 1851 1176 1731 1858 1270 1638 1118 1422 1985 1887 1746 1249 1115 1444 1083 1817 1761 1405 1052 1219 1529 1524 1267 1261 1193 1384 1192 1938 1772 1034 1602 1789 1844 1854 1456 1218 1930 1631 1688 1449 1039 1819 1466 1541 1139 1093 1426 1103 1076 1166 1030 1516 1125 1157 1039 1693 1439 1311 1268 1143 1427 1148 1119 1122 1208 1727 1672 1198 1390 1610 1962 1508 1815 1306 1671 1491 1686 1950 1890 1000 1361 1336 BCNSPRNW ULIB Ver.6.0+V

เปลี่ยนเป็นภาษาไทย

Change to English
 แสดงรายละเอียดบรรณานุกรม
  กลับหน้าหลัก

Brief Record : Get Marc (ISO 2709) : E-mail record : QR code < ปิดหน้าต่าง
LEADER : 00000nam 2200000uu 4500
001    13399123497
003     ULIB
008    020711s2556 th a 000 0 tha d
020    9786163356895
060    WM420^bอ846ส
100    อุมาพร ตรังคสมบัติ
245    สร้างชีวิตใหม่ คู่มือจิตบำบัดและการให้คำปรึกษา/^cอุมาพร ตรังคสมบัติ
250    พิมพ์ครั้งที่ 1
260    กรุงเทพฯ :^bซันต้าการพิมพ์,^c2556
300    358 หน้า;^b23 ซม.
650    จิตบำบัด
945    ^p325^l0^i20841
945    ^p325^l0^i20842
945    ^p325^l0^i20843
รายการนี้ยังไม่มีแท็ก
คุณยังไม่ได้ล็อกอิน คุณสามารถมีกิจกรรมร่วมกับเว็บไซต์ได้ แต่ต้องล็อกอินก่อน ::
  ล็อกอิน

รายการสื่อสารสนเทศ

ลำดับที่ ประเภท เลขเรียก/บาร์โค้ด สถานที่ สถานะ
1. วิทยาศาสตร์การแพทย์ และสุขภาพ
วิทยาศาสตร์การแพทย์ และสุขภาพ
สถานะ=หนังสือเก่า
WM420 อ846ส ฉ.1 
  Barcode: 20841
ห้องสมุดวิทยาเขตนครสวรรค์
►ส่วนจัดเก็บหนังสือเก่า นว.
บนชั้น
  ขอยืม
2. วิทยาศาสตร์การแพทย์ และสุขภาพ
วิทยาศาสตร์การแพทย์ และสุขภาพ
สถานะ=หนังสือเก่า
WM420 อ846ส ฉ.2 
  Barcode: 20842
ห้องสมุดวิทยาเขตนครสวรรค์
►ส่วนจัดเก็บหนังสือเก่า นว.
บนชั้น
  ขอยืม
3. วิทยาศาสตร์การแพทย์ และสุขภาพ
วิทยาศาสตร์การแพทย์ และสุขภาพ
สถานะ=หนังสือเก่า
WM420 อ846ส ฉ.3 
  Barcode: 20843
ห้องสมุดวิทยาเขตนครสวรรค์
►ส่วนจัดเก็บหนังสือเก่า นว.
บนชั้น
  ขอยืม

รายการใกล้เคียง
    ผู้แต่ง [อุมาพร ตรังคสมบัติ]

    หัวเรื่อง [จิตบำบัด]

BibComment


ยังไม่เคยถูกคอมเมนท์

คอมเมนท์ทรัพยากรรายการนี้
  คอมเมนท์: สร้างชีวิตใหม่ คู..


 Copyright 2026. Bcnsprnw @Library